| 000 | 01593nam0a22003251 4500 | ||
|---|---|---|---|
| 001 | rc\3466704 | ||
| 005 | 20130115124922.1 | ||
| 021 |
_aRU _b[70-37226] |
||
| 035 | _a(NLR Aleph) 007898192 | ||
| 090 |
_a8021262 _c8021262 |
||
| 100 | _a20130115d1970 |||y0rusy50 ca | ||
| 101 | 0 | _arus | |
| 102 | _aRU | ||
| 105 | _aa z ||||| | ||
| 200 | 1 |
_aОпыт Ленинградского научно-исследовательского института гематологии и переливания крови по обследованию и взятию костного мозга у доноров _e(Метод. письмо) _fМ-во здравоохранения РСФСР. Ленингр. науч.-исслед. ин-т гематологии и переливания крови |
|
| 210 |
_aЛенинград _cБ. и. _d1970 |
||
| 215 |
_a36 с. _cил. _d20 |
||
| 300 | _aНа обороте тит. л. сост.: Д.И. Рафальсон, Л.К. Николаева, В.Д. Каргин | ||
| 320 | _aБиблиогр.: с. 33-35 (42 назв.) | ||
| 606 |
_aДонорство _2psbo |
||
| 606 |
_aКостный мозг _xПересадка _2psbo |
||
| 702 | 1 |
_aРафальсон _bД. И. _4220 |
|
| 702 | 1 |
_aКаргин _bВ. Д. _4220 |
|
| 702 | 1 |
_aНиколаева _bЛ. К. _4220 |
|
| 712 | 0 | 2 |
_aЛенинградский научно-исследовательский институт переливания крови _3RU\NLR\AUTH\889942955 |
| 801 | 0 |
_aRU _bNLR _gpsbo |
|
| 801 | 1 |
_aRU _bELAR _2rusmarc |
|
| 852 |
_aNLR _j70-4/6936 |
||
| 942 | _cBOOK | ||
| 980 | _aNB | ||